| 000 | 00813nam a22002537a 4500 | ||
|---|---|---|---|
| 003 | PE SENCICO BE | ||
| 005 | 20251020182624.0 | ||
| 008 | 230105b |||||||| |||| 00| 0 eng d | ||
| 020 | _a978-0-06-244463-9 | ||
| 040 |
_aPE SENCICO BE _cPE SENCICO BE |
||
| 041 | _aeng | ||
| 082 |
_a728.3 _bZ34E |
||
| 100 | 1 |
_9396 _aZamora Mola, Francesc |
|
| 245 | 1 |
_a150 best of the best house ideas / _cFrancesc Zamora Mola |
|
| 250 | _a[1a ed.] | ||
| 260 |
_aNew York: _bHarper design, _c2016 |
||
| 300 |
_a479 p.: _blams. col., il., diagrs. ; _c20 cm. |
||
| 650 | 1 | 4 |
_977 _aViviendas _xDiseño y construcción |
| 650 | 2 | 4 |
_9190 _aCasas de campo |
| 650 | 2 | 4 |
_9280 _aArquitectura sostenible |
| 650 | 2 | 4 |
_9327 _aConstrucciones de madera |
| 910 |
_bhfp _chfp |
||
| 942 |
_2ddc _cLIB _h728.3 _iZ34E |
||
| 999 |
_c3749 _d3749 |
||